[Event "EU-ch"]
[Site "Athens"]
[Date "1997.??.??"]
[Round "1"]
[White "San Segundo, Pablo"]
[Black "Turner, Matthew"]
[Result "0-1"]
[WhiteElo "2495"]
[BlackElo "2445"]
[PlyCount "88"]
[EventDate "1997.??.??"]
[Source "ChessBase"]
[SourceDate "1998.11.10"]

1. Nf3 c5 2. c4 Nc6 3. Nc3 g6 4. g3 Bg7 5. Bg2 Nf6 6. O-O O-O 7. d4 cxd4 8.
Nxd4 d6 9. Nxc6 bxc6 10. Bxc6 Rb8 11. Bg2 Qa5 12. Qc2 Be6 13. Bd2 Qh5 14. b3
Rfc8 15. e4 Ng4 16. h3 Ne5 17. Qd1 Bxh3 18. Qxh5 gxh5 19. Nd5 Kf8 20. Rad1 Bg4
21. f3 Bd7 22. Nf4 h4 23. gxh4 a5 24. Nh5 Bh8 25. Bh6+ Ke8 26. Kh2 a4 27. Rb1
axb3 28. axb3 Rc7 29. Bh3 Rcb7 30. f4 Bxh3 31. Kxh3 Rxb3+ 32. Rxb3 Rxb3+ 33.
Ng3 Nxc4 34. Rc1 Rc3 35. Rxc3 Bxc3 36. Kg4 e6 37. Bg5 Kf8 38. Bd8 Be1 39. Nh5
f5+ 40. exf5 Ne3+ 41. Kf3 Nxf5 42. Nf6 h6 43. h5 Bh4 44. Nh7+ Kg7 0-1

[Event "Novgorod op"]
[Site "Novgorod"]
[Date "1999.03.25"]
[Round "7"]
[White "Kalugin, Sergei"]
[Black "Dolmatov, Sergey"]
[Result "0-1"]
[WhiteElo "2355"]
[BlackElo "2589"]
[PlyCount "80"]
[EventDate "1999.03.19"]
[Source "ChessBase"]
[SourceDate "1999.05.10"]

1. d4 Nf6 2. c4 g6 3. Nc3 Bg7 4. e4 d6 5. Bd3 O-O 6. Nge2 Nc6 7. O-O Nh5 8. Be3
e5 9. d5 Nd4 10. Nb5 Bg4 11. Nbxd4 exd4 12. Bc1 c5 13. dxc6 bxc6 14. f3 Be6 15.
b4 Qb6 16. Rb1 f5 17. exf5 Bxf5 18. g4 Bxd3 19. Qxd3 Nf6 20. Bb2 c5 21. Nf4 Qc6
22. Ne6 Rf7 23. Rbe1 Re8 24. Re2 Rfe7 25. Rfe1 Qd7 26. Nxg7 Kxg7 27. Bc1 Kf7
28. b5 Rxe2 29. Rxe2 Rxe2 30. Qxe2 Qe6 31. Kf2 Nd7 32. f4 Nb6 33. Qf3 Qxc4 34.
Qb7+ Kf6 35. Bd2 Qxa2 36. g5+ Kf5 37. Ke2 d3+ 38. Ke3 Nc4+ 39. Kxd3 Qxd2+ 40.
Kxc4 Qc2+ 0-1

[Event "CRO-chT"]
[Site "Porec"]
[Date "1998.09.15"]
[Round "9"]
[White "Pinter, Jozsef"]
[Black "Tkachiev, Vladislav"]
[Result "0-1"]
[WhiteElo "2595"]
[BlackElo "2645"]
[PlyCount "46"]
[EventDate "1998.09.??"]
[Source "ChessBase"]
[SourceDate "1998.11.10"]

1. d4 Nf6 2. c4 g6 3. Nc3 Bg7 4. e4 d6 5. h3 O-O 6. Bg5 Nbd7 7. Bd3 c5 8. d5
Ne5 9. Be2 b5 10. cxb5 a6 11. bxa6 Qa5 12. Bd2 Bxa6 13. Qc2 Rfb8 14. Rb1 Nfd7
15. f4 Nc4 16. Bxc4 Bxc4 17. b3 Bxc3 18. Bxc3 Qxa2 19. Rb2 Qa1+ 20. Kf2 Qf1+
21. Ke3 Ra3 22. bxc4 Rxb2 23. Qxb2 Nb6 0-1

[Event "Frunze op"]
[Site "Frunze"]
[Date "1989.??.??"]
[Round "?"]
[White "Bagaturov, Giorgi"]
[Black "Shirov, Alexei"]
[Result "0-1"]
[WhiteElo "2370"]
[BlackElo "2495"]
[PlyCount "82"]
[EventDate "1989.08.??"]

1. d4 Nf6 2. c4 g6 3. Nc3 Bg7 4. e4 d6 5. f4 O-O 6. Nf3 c5 7. d5 e6 8. Be2 exd5
9. exd5 a6 10. O-O b5 11. cxb5 axb5 12. Bxb5 Na6 13. Re1 Nc7 14. Bc4 Rb8 15. a3
Re8 16. Ra2 Rxe1+ 17. Qxe1 Bb7 18. Qd1 Nd7 19. Na4 Nf6 20. Nc3 Nd7 21. Na4 Qe8
22. b3 Qe4 23. Re2 Qf5 24. Re7 Nxd5 25. Bd3 Nxe7 26. Bxf5 Nxf5 27. Bb2 Nf6 28.
Nb6 h5 29. Nc4 Ba8 30. Ng5 d5 31. Ne5 d4 32. Qd3 Bd5 33. Qa6 Rxb3 34. Qc8+ Bf8
35. Qd8 Rxb2 36. Qxf6 Be7 37. Qa6 Rxg2+ 38. Kf1 Ne3+ 39. Ke1 Nc2+ 40. Kd1 Ne3+
41. Ke1 c4 0-1

[Event "URS-ch39"]
[Site "Leningrad"]
[Date "1971.??.??"]
[Round "?"]
[White "Platonov, Igor V"]
[Black "Shamkovich, Leonid"]
[Result "0-1"]
[WhiteElo "2470"]
[BlackElo "2520"]
[PlyCount "36"]
[EventDate "1971.??.??"]

1. c4 g6 2. Nc3 Bg7 3. d4 d6 4. e4 Nf6 5. f3 Nc6 6. Be3 a6 7. Nge2 Rb8 8. Nc1
e5 9. d5 Nd4 10. N1e2 c5 11. dxc6 bxc6 12. Nxd4 exd4 13. Bxd4 Rxb2 14. Nb5 Nxe4
15. Bxb2 Qa5+ 16. Nc3 Bxc3+ 17. Bxc3 Qxc3+ 18. Ke2 Be6 0-1

[Event "NRW-I"]
[Site "?"]
[Date "1996.??.??"]
[Round "?"]
[White "Lytchak, Alexander"]
[Black "Podzielny, Karl Heinz"]
[Result "0-1"]
[WhiteElo "2240"]
[BlackElo "2460"]
[PlyCount "110"]
[EventDate "1996.??.??"]
[Source "ChessBase"]

1. d4 Nf6 2. c4 g6 3. Nc3 Bg7 4. e4 d6 5. f3 a6 6. Bg5 c6 7. Qd2 b5 8. Rc1 O-O
9. b3 Nbd7 10. Nh3 bxc4 11. bxc4 Rb8 12. Nf2 c5 13. d5 Rb4 14. Be2 Nb6 15. a3
Rb3 16. Qa2 Rxc3 17. Rxc3 Nfxd5 18. Rc1 Nc7 19. Bd2 Na4 20. Bd1 Bd7 21. Ba5 Qc8
22. Bxa4 Bxa4 23. Nd1 Ne6 24. Nc3 Bc6 25. Nd5 Qd7 26. O-O Nd4 27. Rce1 e6 28.
Nc3 Ba8 29. Ne2 Qa4 30. Bc7 Qc6 31. Ba5 Rc8 32. Kh1 Qa4 33. Bc3 Bc6 34. Rd1 e5
35. Rb1 Bd7 36. Bxd4 exd4 37. Nf4 Bc6 38. Nd5 Bxd5 39. exd5 Bh6 40. Qb3 Qxb3
41. Rxb3 Re8 42. g3 Re2 43. Rd1 Rc2 44. Rb6 Bf8 45. Rxa6 Rxc4 46. a4 Rc3 47.
Ra1 d3 48. Rb6 d2 49. Rbb1 c4 50. a5 Re3 51. Kg2 c3 52. Kf2 Re8 53. Ra2 Bg7 54.
a6 Bd4+ 55. Kf1 Kg7 0-1

[Event "Donner mem"]
[Site "Amsterdam"]
[Date "1995.??.??"]
[Round "5"]
[White "Shirov, Alexei"]
[Black "Nunn, John DM"]
[Result "0-1"]
[WhiteElo "2695"]
[BlackElo "2615"]
[PlyCount "70"]
[EventDate "1995.08.??"]

1. d4 Nf6 2. c4 g6 3. Nc3 Bg7 4. e4 d6 5. Be2 O-O 6. Nf3 e5 7. O-O Nc6 8. d5
Ne7 9. Ne1 Ne8 10. Be3 f5 11. f3 f4 12. Bf2 h5 13. c5 g5 14. a4 Rf6 15. a5 Rg6
16. cxd6 Nxd6 17. Nd3 g4 18. Bh4 Qf8 19. g3 Bf6 20. fxg4 hxg4 21. Nxf4 exf4 22.
Rxf4 Qh6 23. Bxf6 Rxf6 24. Rxf6 Qxf6 25. Bxg4 Ng6 26. Bxc8 Rxc8 27. Qg4 Re8 28.
Rf1 Qd4+ 29. Kg2 Kg7 30. Rf4 Nc4 31. Qg5 Qd2+ 32. Kh3 Rh8+ 33. Kg4 Nce5+ 34.
Kf5 Rf8+ 35. Ke6 Nd3 0-1

[Event "Barcelona WCup"]
[Site "Barcelona"]
[Date "1989.??.??"]
[Round "?"]
[White "Kortschnoj, Viktor"]
[Black "Kasparov, Gary"]
[Result "0-1"]
[WhiteElo "2610"]
[BlackElo "2775"]
[PlyCount "110"]
[EventDate "1989.03.??"]

1. Nf3 Nf6 2. c4 g6 3. Nc3 Bg7 4. e4 d6 5. d4 O-O 6. Be2 e5 7. O-O Nc6 8. d5
Ne7 9. a4 a5 10. Ne1 Nd7 11. Be3 f5 12. f3 Nc5 13. Nd3 b6 14. b4 Nxd3 15. Qxd3
axb4 16. Nb5 Kh8 17. Qb3 Ng8 18. Qxb4 Nf6 19. exf5 gxf5 20. Bg5 h6 21. Bh4 Bd7
22. Ra3 Qb8 23. Bf2 Rg8 24. Rb1 Nh5 25. Kh1 Qd8 26. a5 Bxb5 27. Qxb5 bxa5 28.
g3 f4 29. g4 e4 30. fxe4 Nf6 31. Bh4 Qe7 32. Bf3 Qe5 33. Re1 Nh7 34. Qd7 Bf6
35. Bxf6+ Nxf6 36. Qf5 Qxf5 37. exf5 Nxg4 38. Bxg4 Rxg4 39. Rh3 Kg7 40. Re7+
Kf6 41. Re6+ Kxf5 42. Rhxh6 Rf8 43. Rh5+ Rg5 44. Rxg5+ Kxg5 45. c5 a4 46. cxd6
cxd6 47. Rxd6 Ra8 48. Re6 a3 49. Re1 Kf5 50. h4 f3 51. d6 a2 52. Ra1 Kf4 53.
Kh2 f2 54. d7 Kf3 55. Rc1 a1=Q 0-1

[Event "Yalta op"]
[Site "Yalta"]
[Date "1996.??.??"]
[Round "6"]
[White "Notkin, Maksim"]
[Black "Golubev, Mihail"]
[Result "0-1"]
[WhiteElo "2515"]
[BlackElo "2525"]
[PlyCount "100"]
[EventDate "1996.??.??"]
[Source "ChessBase"]
[SourceDate "1997.11.17"]

1. d4 Nf6 2. c4 g6 3. Nc3 Bg7 4. e4 d6 5. Nf3 O-O 6. Be2 e5 7. O-O Nc6 8. d5
Ne7 9. Nd2 a5 10. a3 Bd7 11. b3 Nc8 12. Rb1 Nb6 13. Kh1 Bh6 14. Bb2 Qe7 15. Ba1
Ne8 16. b4 axb4 17. axb4 Nf6 18. Nb3 Na4 19. Nxa4 Rxa4 20. f3 Rxb4 21. Qe1 Ra4
22. c5 dxc5 23. Qc3 b6 24. Qxe5 Qxe5 25. Bxe5 Nxe4 26. fxe4 Rxe4 27. Bxc7 Rxe2
28. Bxb6 Bf5 29. Bxc5 Rfe8 30. Ra1 Be4 31. Bf2 Bxd5 32. Nd4 Rb2 33. Rab1 Reb8
34. Rxb2 Rxb2 35. Kg1 Be3 36. Nf3 Bxf3 37. gxf3 Rxf2 38. Rxf2 Kg7 39. Kg2 Bxf2
40. Kxf2 Kf6 41. Kg3 Kf5 42. Kg2 Kf4 43. Kf2 g5 44. Kg2 g4 45. fxg4 Kxg4 46.
Kf2 Kf4 47. Ke2 f5 48. Kf2 Ke4 49. Ke2 f4 50. Kf2 f3 0-1